000 00891nas a2200301Ia 4500
999 _c49475
_d49475
001 69
003 CO-MdFUSB
005 20170901120426.0
008 151030s9999 xxu 000 0 e d
022 _a0277-9935
037 _bTrinity Evangelical Divinity School
040 _aCO-MdFUSB
_bspa
_cCO-MdFUSB
_dCO-MdFUSB
_erda
041 0 _aeng
_heng
245 1 0 _aChristian Education Journal
_c/ Trinity Evangelical Divinity School
260 _aDeerfield, Estados Unidos
264 _aDeerfield, Estados Unidos
_bTrinity Evangelical Divinity School
300 _aVol. 2 - 3
_c23 cm.
310 _aNo aplica
_b1998
336 _2rdacontent
_a1
_ba1
337 _2rdamedia
_a2
_b5
338 _a2
362 _a1998-1999
546 _aTexto en inglés
650 _vPublicaciones seriadas
773 _dDeerfield, Estados Unidos, 1998-1999
810 _hRevista
942 _cCR
_2ddc
_a3